000 00559cam a2200181 4500500
005 20260329004518.0
041 _afre
042 _adc
100 1 0 _aLacroix, Alexandre
_eauthor
245 0 0 _aTouche pas à ma culture !
260 _c2020.
500 _a79
690 _aAppropriation culturelle
690 _aRacisme
690 _aTristan Garcia
786 0 _nPhilosophie magazine | 138 | 4-5 | 2020-04-01 | p. 24-25 | 1951-1787
856 4 1 _uhttps://shs.cairn.info/magazine-philosophie-magazine-2020-4-5-page-24?lang=fr&redirect-ssocas=7080
999 _c1834649
_d1834649